000 00584nam a22002297a 4500
003 UA-OsUOA
001 95564
007 ta
008 20130305b un ||||| |||| 00| 0 ukr d
100 _aКеллерман Б.
090 _a821.182.2
_bК34
942 _cBK
040 _aUA-OsUOA
_brus
_cUA-OsUOA
_dUA-OsUOA
245 _aТуннель
_bроман
300 _a364 с.
955 _a3
041 _arus
080 _a821.182.2
260 _aДонецк
_bДонбас
650 7 _a82 Література. Літературознавство
_2UDC
999 _c381812
_d381812